Регионална библиотека "Любен Каравелов" - Русе

Джазът - история, теория, практика (Запис номер 120546)

MARC детайли
000 -Лидер
Контролно поле с фиксирана дължина nam a22 a 4500
003 - Код на организацията, давaща контролен номер
Контролно поле BLK
005 - Дата и час на последна редакция
Контролно поле 20221031105229.0
008 - Елементи от данни с фиксирана дължина
fixed length control field 180409b bul|||||r ||||||| ||bul||
010 ## - Наследен системен номер
LC control number KNG00126162000
040 ## - Източник на каталожния запис
Идентификатор на билиотеката - собственик на записа BLK
041 ## - Код за език
Код за езика на текст/звукозапис или на отделно заглавие Български
Код за езика КДБФ Български
080 ## - УДК
Текстов определител УДК Салонни и танцови оркестри. Естраден оркестър. Джаз. Рок
УДК код - определител по УДК 785.161
УДК - код + определител 785.161
100 1# - Редна дума - Автор
Автор Гонда, Янош
Авторска отговорност първи автор
R(LIN) 54922
139 ## - Редно поле
Редна дума Гонда, Янош
Авторски знак Гом - Г 64
245 10 - Сведения за заглавието
Заглавие Джазът - история, теория, практика
Редно поле (дума) Янош Гонда; прев. от унг. Андрейко Димов Вълев.
257 ## - Страна на издаване
Страна на създаване/издаване Унгария
260 ## - Област на издателските данни
Име на издателя, разпространителя и проч. Музика
Година на издаване 1975
Място на издаване, разпространение и проч. София
300 ## - Физическа характеристика
Страници 411 с., 40 с.
Илюстрации и др. с ил., ноти
Размери/Мащаб 20 см
380 ## - Жанр
Жанр Изкуство
500 ## - Общи забележки
Забележка Ориг. загл. Jazz - tortenet, elmelet, gyakorlat. - Библиогр. с. 395 - 407. - Именен показалец.
650 #4 - Допълнително описание по предмет – тема
Основно описание – тема или топоним Джаз - история
9 (RLIN) 282905
650 #4 - Допълнително описание по предмет – тема
Основно описание – тема или топоним Джаз - стилове и направления
9 (RLIN) 276865
653 ## - Ключова дума – ненормативна
Ключова дума джаз
653 ## - Ключова дума – ненормативна
Ключова дума история
653 ## - Ключова дума – ненормативна
Ключова дума музикални жанрове
700 1# - Други автори (авторска отговорност)
Лично име Вълев, Андрейко Димов
Автороска отговорност (Описва отношението между автора и произведението) прев. от унг.
9 (RLIN) 316719
852 ## - Местоположение
Форматна сигнатура Цб 78648
Фондова буква Хранилище
856 4# - Електронен адрес и достъп
Електронен формат pdf - файл
Инструкция (цена за достъп) 0.00
Права за достъп disable
856 4# - Електронен адрес и достъп
Електронен формат pdf - файл
Инструкция (цена за достъп) 0.00
Права за достъп disable
999 ## - СИСТЕМНИ КОНТРОЛНИ НОМЕРА
Koha biblionumber 120546
Koha biblioitemnumber 120546
942 ## - АРТИКУЛИ
Вид на библиотечния материал Книги
Скрит в OPAC Не
Koha issues (borrowed), all copies 3
Периодичен библиозапис Да
944 ## - СЪЗДАВАНЕ И РЕДАКЦИЯ на ЗАПИСА
Създаване/Редакция Създаване
Дата на регистрацията/редакция 24.10.2011
Статус, дата на статуса 24.10.2011 - от С1,Р / 24.10.2011
Служител, извършил регистрацията/редакцията Наталия_Любомирова
944 ## - СЪЗДАВАНЕ И РЕДАКЦИЯ на ЗАПИСА
Създаване/Редакция Редакция
Дата на регистрацията/редакция 24.10.2011
Статус, дата на статуса 24.10.2011 - от С1,Р / 24.10.2011
944 ## - СЪЗДАВАНЕ И РЕДАКЦИЯ на ЗАПИСА
Създаване/Редакция Редакция
Дата на регистрацията/редакция 2022-10-31
Статус, дата на статуса 2022-10-31
999 ## - СИСТЕМНИ КОНТРОЛНИ НОМЕРА
Koha biblioitemnumber 120546
Наличности
Код за отписване Код за изгубен артикул Източник на класификационната схема Код за повреда Коз за рестрикции Код за отдаване Артикулен № Име на библиотеката - собственик Име на библиотеката, в която се намира в момента Статус (Текущо местоположение) Дата на вписване в системата Местоположение - отдел Цена в лева Инвентарен номер Систематично азбучна сигнатура Баркод Номер на екземпляра Цена в евро Служебна бележка Служебен тип на артикула
Изтеглен Не е изгубен Universal Decimal Classification Не е повреден без рестрикции заемане за дома 194691 Регионална библиотека "Любен Каравелов" Русе Регионална библиотека "Любен Каравелов" Русе Отдел Изкуство - подръчен фонд 1975-01-01 Отдел Изкуство - подръчен фонд 2.00 613522 785.161/Г 64 613522 1 1.02 Дост: Pk N: стар фонд Дата: 01.01.1975 Дата инв: 21.06.2012 Бележки инв: * Книги
  Не е изгубен Universal Decimal Classification Не е повреден само за читалня ползва се в читалня 194692 Регионална библиотека "Любен Каравелов" Русе Регионална библиотека "Любен Каравелов" Русе Хранилище 1975-01-01 Хранилище 2.00 196073 Цб 78648 120000196073 2 1.02 Дост: Dp Вид: Д N: стар фонд Дата: 01.01.1975 Книги
  Не е изгубен Universal Decimal Classification Не е повреден без рестрикции заемане за дома 194693 Регионална библиотека "Любен Каравелов" Русе Регионална библиотека "Любен Каравелов" Русе Отдел Изкуство - подръчен фонд 1975-01-01 Отдел Изкуство - подръчен фонд 2.00 198591 785.161/Г 64 120000198591 3 1.02 Дост: Pk Вид: Ф N: стар фонд Дата: 01.01.1975 Дата инв: 06.04.2017 Бележки инв: ИП2017 Книги
  Не е изгубен Universal Decimal Classification Не е повреден без рестрикции заемане за дома 194694 Регионална библиотека "Любен Каравелов" Русе Регионална библиотека "Любен Каравелов" Русе Отдел Изкуство - подръчен фонд 1975-01-01 Отдел Изкуство - подръчен фонд 2.00 198592 785.161/Г 64 120000198592 4 1.02 Дост: Pk Вид: Ф N: стар фонд Дата: 01.01.1975 Дата инв: 06.04.2017 Бележки инв: ИП2017 Книги
Vip Innovations Ltd, Rousse, Bulgaria 2025